[Event "MCR mladeze v rapidu 2019"]
[Site "Trest"]
[Date "2019.09.08"]
[Round "7"]
[White "Brozka, Karel"]
[Black "Simunek, Jakub Simon"]
[Result "1-0"]
[BlackElo "1608"]
[WhiteElo "1971"]
[LiveChessVersion "1.4.8"]

1. d4 {[%clk 0:20:09]} d5 2. Nf3 {[%clk 0:20:11]} e6 {[%clk 0:20:05]} 3. c4
{[%clk 0:20:12]} Nf6 {[%clk 0:19:52]} 4. Nc3 {[%clk 0:20:12]} c6 {[%clk 0:19:45]}
5. Bg5 {[%clk 0:20:12]} Nbd7 {[%clk 0:19:42]} 6. e3 {[%clk 0:19:33]} Qa5
{[%clk 0:19:16]} 7. Bxf6 {[%clk 0:17:31]} Nxf6 {[%clk 0:19:16]} 8. c5
{[%clk 0:16:34]} Ne4 {[%clk 0:17:52]} 9. Qc2 {[%clk 0:16:22]} Nxc3
{[%clk 0:17:40]} 10. Qxc3 {[%clk 0:16:19]} Qxc3+ {[%clk 0:17:41]} 11. bxc3
{[%clk 0:16:23]} b5 {[%clk 0:16:20]} 12. a4 {[%clk 0:12:24]} bxa4
{[%clk 0:13:48]} 13. Rxa4 {[%clk 0:12:16]} a5 {[%clk 0:12:55]} 14. Bd3
{[%clk 0:11:19]} Ba6 {[%clk 0:10:05]} 15. Rxa5 {[%clk 0:10:40]} Bb7
{[%clk 0:10:04]} 16. Rxa8+ {[%clk 0:10:39]} Bxa8 {[%clk 0:10:08]} 17. Kd2
{[%clk 0:10:24]} Kd7 {[%clk 0:08:42]} 18. Ne5+ {[%clk 0:10:06]} Kc7
{[%clk 0:08:44]} 19. Nxf7 {[%clk 0:10:08]} Rg8 {[%clk 0:08:19]} 20. Bxh7
{[%clk 0:10:11]} 1-0

[Event "MCR mladeze v rapidu 2019"]
[Site "Trest"]
[Date "2019.09.08"]
[Round "7"]
[White "Pressler, Tobias"]
[Black "Nemec, Jachym"]
[Result "0-1"]
[BlackElo "2033"]
[WhiteElo "1759"]
[LiveChessVersion "1.4.8"]

1. f4 {[%clk 0:20:04]} d5 {[%clk 0:19:17]} 2. Nf3 {[%clk 0:19:48]} g6
{[%clk 0:19:05]} 3. d4 {[%clk 0:19:39]} Bg7 {[%clk 0:19:05]} 4. e3
{[%clk 0:19:41]} Nh6 {[%clk 0:18:44]} 5. c4 {[%clk 0:19:21]} c6 {[%clk 0:18:08]}
6. Nc3 {[%clk 0:19:13]} O-O {[%clk 0:17:56]} 7. Be2 {[%clk 0:19:02]} Nf5
{[%clk 0:15:49]} 8. O-O {[%clk 0:18:13]} e6 {[%clk 0:14:59]} 9. Ne5
{[%clk 0:16:16]} Nd7 {[%clk 0:14:57]} 10. g4 {[%clk 0:14:47]} Nxe5
{[%clk 0:13:52]} 11. fxe5 {[%clk 0:14:23]} Ne7 {[%clk 0:13:52]} 12. Qe1
{[%clk 0:13:26]} c5 {[%clk 0:12:50]} 13. cxd5 {[%clk 0:10:42]} Nxd5
{[%clk 0:11:48]} 14. Nxd5 {[%clk 0:10:42]} exd5 {[%clk 0:11:48]} 15. Qg3
{[%clk 0:10:02]} Be6 {[%clk 0:11:24]} 16. g5 {[%clk 0:09:06]} Qb6
{[%clk 0:10:23]} 17. Rf4 {[%clk 0:09:01]} cxd4 {[%clk 0:10:22]} 18. Rxd4 Qc7
{[%clk 0:09:51]} 19. Rh4 {[%clk 0:07:51]} Bxe5 {[%clk 0:09:51]} 20. Qg2
{[%clk 0:07:20]} Rad8 {[%clk 0:09:11]} 21. Bg4 {[%clk 0:07:04]} Bxg4
{[%clk 0:08:48]} 22. Qxg4 {[%clk 0:06:57]} f5 {[%clk 0:08:36]} 23. gxf6
{[%clk 0:06:31]} Rxf6 {[%clk 0:08:19]} 24. Bd2 {[%clk 0:06:03]} d4
{[%clk 0:07:34]} 25. Rc1 {[%clk 0:05:38]} Qb6 {[%clk 0:07:24]} 26. Qe4
{[%clk 0:05:04]} dxe3 {[%clk 0:06:43]} 27. Bxe3 {[%clk 0:05:06]} Qxb2
{[%clk 0:06:40]} 28. Qc4+ {[%clk 0:04:43]} Kh8 {[%clk 0:05:58]} 29. Bf2 Qxf2+
{[%clk 0:05:53]} 30. Kh1 {[%clk 0:03:56]} Qf3+ {[%clk 0:05:49]} 31. Kg1
{[%clk 0:03:57]} Rd1+ {[%clk 0:05:49]} 32. Rxd1 {[%clk 0:03:55]} Qxd1+
{[%clk 0:05:53]} 33. Kg2 {[%clk 0:03:53]} Qf3+ {[%clk 0:05:23]} 34. Kg1
{[%clk 0:03:54]} Qf2+ {[%clk 0:05:18]} 35. Kh1 {[%clk 0:03:58]} Qe1+
{[%clk 0:05:17]} 36. Kg2 {[%clk 0:04:01]} Rf2+ {[%clk 0:05:19]} 37. Kh3
{[%clk 0:04:02]} Rxh2+ {[%clk 0:05:20]} 38. Kg4 {[%clk 0:04:00]} Qg3#
{[%clk 0:05:18]} 0-1

[Event "MCR mladeze v rapidu 2019"]
[Site "Trest"]
[Date "2019.09.08"]
[Round "7"]
[White "Prazak, Daniel"]
[Black "Smolik, Jachym"]
[Result "1-0"]
[BlackElo "1873"]
[WhiteElo "1681"]
[LiveChessVersion "1.4.8"]

1. d4 {[%clk 0:20:08]} Nf6 {[%clk 0:20:09]} 2. Nf3 {[%clk 0:20:09]} e6
{[%clk 0:20:12]} 3. g3 {[%clk 0:19:55]} d5 {[%clk 0:19:37]} 4. Bg2
{[%clk 0:19:42]} Bd6 {[%clk 0:19:19]} 5. O-O {[%clk 0:19:13]} O-O
{[%clk 0:19:22]} 6. c4 {[%clk 0:19:17]} c6 {[%clk 0:19:00]} 7. b3
{[%clk 0:18:26]} Ne4 {[%clk 0:13:39]} 8. Bb2 {[%clk 0:16:06]} Nd7
{[%clk 0:13:37]} 9. Nbd2 {[%clk 0:15:04]} f5 {[%clk 0:13:21]} 10. e3
{[%clk 0:14:27]} h6 {[%clk 0:11:37]} 11. Qe2 {[%clk 0:11:26]} Qf6
{[%clk 0:10:58]} 12. Nxe4 {[%clk 0:10:45]} fxe4 {[%clk 0:10:52]} 13. Nd2
{[%clk 0:10:25]} Qg6 {[%clk 0:08:20]} 14. f3 exf3 {[%clk 0:08:20]} 15. Nxf3
{[%clk 0:08:32]} b6 {[%clk 0:07:05]} 16. Nh4 {[%clk 0:07:05]} Qg5
{[%clk 0:06:56]} 17. e4 {[%clk 0:06:06]} Ba6 {[%clk 0:06:10]} 18. exd5
{[%clk 0:05:41]} Rae8 {[%clk 0:03:34]} 19. dxc6 {[%clk 0:05:14]} Nb8
{[%clk 0:03:28]} 20. Rxf8+ {[%clk 0:04:51]} Kxf8 {[%clk 0:02:53]} 21. d5
{[%clk 0:03:59]} Qd8 {[%clk 0:01:50]} 22. Rf1+ {[%clk 0:03:38]} Kg8
{[%clk 0:01:52]} 23. Qh5 {[%clk 0:03:23]} Qe7 {[%clk 0:01:22]} 24. dxe6
{[%clk 0:02:45]} Bc8 {[%clk 0:01:23]} 25. Rf7 {[%clk 0:02:32]} 1-0

[Event "MCR mladeze v rapidu 2019"]
[Site "Trest"]
[Date "2019.09.08"]
[Round "7"]
[White "Barteckova, Denisa"]
[Black "Zelbova, Lada"]
[Result "0-1"]
[BlackElo "1521"]
[WhiteElo "1373"]
[LiveChessVersion "1.4.8"]

1. e4 {[%clk 0:20:08]} c5 {[%clk 0:20:09]} 2. Nf3 {[%clk 0:20:12]} d6
{[%clk 0:20:13]} 3. d4 {[%clk 0:20:16]} cxd4 {[%clk 0:20:16]} 4. Nxd4
{[%clk 0:20:19]} Nf6 {[%clk 0:20:19]} 5. Nc3 {[%clk 0:20:23]} a6 {[%clk 0:20:23]}
6. Be3 {[%clk 0:20:22]} e6 {[%clk 0:20:16]} 7. f3 {[%clk 0:20:19]} Be7
{[%clk 0:20:11]} 8. Qd2 {[%clk 0:19:59]} Nc6 {[%clk 0:19:32]} 9. g4
{[%clk 0:19:45]} Bd7 {[%clk 0:18:42]} 10. O-O-O {[%clk 0:19:28]} O-O
{[%clk 0:18:42]} 11. h4 {[%clk 0:19:24]} b5 {[%clk 0:17:44]} 12. a3
{[%clk 0:18:42]} b4 {[%clk 0:15:53]} 13. Nxc6 {[%clk 0:18:08]} Bxc6
{[%clk 0:15:56]} 14. axb4 {[%clk 0:17:43]} Rb8 {[%clk 0:15:02]} 15. h5
{[%clk 0:16:55]} Rxb4 {[%clk 0:13:48]} 16. g5 {[%clk 0:16:58]} Nd7
{[%clk 0:12:56]} 17. g6 {[%clk 0:16:44]} Qa5 {[%clk 0:11:09]} 18. gxh7+
{[%clk 0:16:27]} Kxh7 {[%clk 0:10:26]} 19. Qd3 {[%clk 0:16:02]} Ne5
{[%clk 0:09:59]} 20. Qxa6 {[%clk 0:15:10]} Qxa6 {[%clk 0:08:46]} 21. Bxa6
{[%clk 0:15:12]} Ra8 {[%clk 0:08:49]} 22. f4 {[%clk 0:13:44]} Ng4
{[%clk 0:08:28]} 23. Rdg1 {[%clk 0:13:02]} Nxe3 {[%clk 0:08:12]} 24. h6
{[%clk 0:12:49]} g6 {[%clk 0:07:54]} 25. f5 {[%clk 0:12:47]} Rxa6
{[%clk 0:07:31]} 26. fxg6+ {[%clk 0:12:33]} fxg6 {[%clk 0:07:25]} 27. Kd2
{[%clk 0:12:23]} Nc4+ {[%clk 0:07:21]} 28. Ke2 {[%clk 0:12:14]} Ne5
{[%clk 0:07:14]} 29. Ra1 {[%clk 0:11:38]} Rxa1 {[%clk 0:06:58]} 30. Rxa1
{[%clk 0:11:33]} Kxh6 {[%clk 0:06:59]} 31. Rh1+ {[%clk 0:11:28]} Kg7
{[%clk 0:07:03]} 32. Ra1 {[%clk 0:11:29]} Rxb2 {[%clk 0:06:52]} 33. Ke3
{[%clk 0:11:32]} Rxc2 {[%clk 0:06:43]} 34. Ne2 {[%clk 0:11:21]} Ng4+
{[%clk 0:06:25]} 35. Kf4 {[%clk 0:11:04]} Rxe2 {[%clk 0:06:23]} 36. Kxg4
{[%clk 0:11:06]} Rxe4+ {[%clk 0:06:26]} 37. Kg3 {[%clk 0:11:04]} Bh4+
{[%clk 0:06:21]} 38. Kh3 {[%clk 0:11:06]} Bf6 {[%clk 0:06:20]} 39. Ra7+
{[%clk 0:10:51]} Kh6 {[%clk 0:06:21]} 40. Rc7 {[%clk 0:10:44]} Bb5
{[%clk 0:06:14]} 41. Rc8 {[%clk 0:10:33]} d5 {[%clk 0:06:04]} 42. Rf8
{[%clk 0:10:27]} Kg5 {[%clk 0:05:48]} 43. Rb8 {[%clk 0:10:24]} Re3+
{[%clk 0:05:43]} 44. Kg2 {[%clk 0:10:17]} Bc4 {[%clk 0:05:47]} 45. Kf2
{[%clk 0:10:15]} Bd4 {[%clk 0:05:37]} 46. Kg2 {[%clk 0:10:02]} Kg4
{[%clk 0:05:35]} 47. Rg8 {[%clk 0:09:38]} Re2+ {[%clk 0:05:35]} 48. Kf1
{[%clk 0:09:24]} Ra2+ {[%clk 0:04:58]} 49. Ke1 {[%clk 0:09:10]} g5
{[%clk 0:04:46]} 50. Kd1 {[%clk 0:08:59]} e5 {[%clk 0:04:34]} 51. Kc1
{[%clk 0:08:48]} e4 {[%clk 0:04:33]} 52. Kd1 {[%clk 0:08:29]} e3 {[%clk 0:04:32]}
53. Re8 {[%clk 0:08:24]} e2+ {[%clk 0:04:23]} 54. Kc1 {[%clk 0:08:04]} e1=Q+
{[%clk 0:04:11]} 55. Rxe1 {[%clk 0:08:04]} Ra1+ {[%clk 0:04:12]} 56. Kd2
{[%clk 0:08:07]} Bc3+ {[%clk 0:04:11]} 57. Kxc3 {[%clk 0:08:05]} Rxe1
{[%clk 0:04:13]} 58. Kd4 {[%clk 0:08:09]} Kf4 {[%clk 0:04:11]} 59. Kc3
{[%clk 0:08:11]} d4+ {[%clk 0:04:06]} 60. Kxc4 {[%clk 0:08:00]} d3
{[%clk 0:04:09]} 61. Kxd3 {[%clk 0:07:48]} Re8 {[%clk 0:04:11]} 62. Kd4
{[%clk 0:07:49]} Rd8+ {[%clk 0:04:15]} 63. Kc5 {[%clk 0:07:53]} Ke4
{[%clk 0:04:17]} 64. Kc6 {[%clk 0:07:57]} Ke5 {[%clk 0:04:17]} 65. Kc7
{[%clk 0:08:00]} Rd2 {[%clk 0:04:20]} 66. Kb6 {[%clk 0:08:00]} Rc2
{[%clk 0:04:23]} 67. Kb5 {[%clk 0:08:05]} Kd4 {[%clk 0:04:25]} 68. Kb6
{[%clk 0:08:08]} Kd5 {[%clk 0:04:28]} 69. Kb7 {[%clk 0:08:11]} Kd6
{[%clk 0:04:32]} 70. Kb8 {[%clk 0:08:16]} Kd7 {[%clk 0:04:35]} 71. Kb7
{[%clk 0:08:20]} Rb2+ {[%clk 0:04:39]} 72. Ka6 {[%clk 0:08:21]} Kc6
{[%clk 0:04:42]} 73. Ka5 {[%clk 0:08:25]} Rb8 {[%clk 0:04:45]} 74. Ka4
{[%clk 0:08:29]} Kc5 {[%clk 0:04:49]} 75. Ka3 {[%clk 0:08:33]} Kc4
{[%clk 0:04:52]} 76. Ka2 {[%clk 0:08:37]} Kc3 {[%clk 0:04:56]} 77. Ka1
{[%clk 0:08:41]} Kc2 {[%clk 0:05:00]} 78. Ka2 {[%clk 0:08:45]} Ra8# 0-1

[Event "MCR mladeze v rapidu 2019"]
[Site "Trest"]
[Date "2019.09.08"]
[Round "7"]
[White "Dudkova, Josefina"]
[Black "Seda, Michaela"]
[Result "0-1"]
[BlackElo "1357"]
[WhiteElo "1407"]
[LiveChessVersion "1.4.8"]

1. e4 {[%clk 0:20:08]} e5 {[%clk 0:20:09]} 2. Nc3 {[%clk 0:20:09]} Nf6
{[%clk 0:20:06]} 3. Bc4 {[%clk 0:20:11]} Nc6 {[%clk 0:19:52]} 4. d3
{[%clk 0:20:11]} Bb4 {[%clk 0:19:50]} 5. Nge2 {[%clk 0:19:55]} d6
{[%clk 0:19:22]} 6. h3 {[%clk 0:19:46]} h6 {[%clk 0:18:43]} 7. O-O
{[%clk 0:19:32]} O-O {[%clk 0:18:30]} 8. f4 {[%clk 0:19:10]} Be6 {[%clk 0:16:14]}
9. a3 {[%clk 0:17:42]} Ba5 {[%clk 0:15:40]} 10. b4 {[%clk 0:16:40]} Bb6+
{[%clk 0:15:34]} 11. Kh1 {[%clk 0:16:40]} Bxc4 {[%clk 0:15:23]} 12. dxc4
{[%clk 0:16:35]} Nd4 {[%clk 0:12:55]} 13. Ra2 {[%clk 0:14:38]} Nxe2
{[%clk 0:12:39]} 14. Qxe2 {[%clk 0:14:36]} Bd4 {[%clk 0:11:43]} 15. Nd5
{[%clk 0:13:09]} Nxd5 {[%clk 0:10:18]} 16. exd5 {[%clk 0:12:28]} exf4
{[%clk 0:09:12]} 17. Bxf4 {[%clk 0:11:56]} Re8 {[%clk 0:08:30]} 18. Qg4
{[%clk 0:10:57]} Qf6 {[%clk 0:06:44]} 19. c3 {[%clk 0:06:45]} Be5
{[%clk 0:04:56]} 20. Raf2 {[%clk 0:04:55]} Re7 {[%clk 0:02:34]} 21. Bg5
{[%clk 0:02:57]} Qxg5 {[%clk 0:01:40]} 22. Qxg5 {[%clk 0:01:49]} hxg5
{[%clk 0:01:44]} 23. Rf3 {[%clk 0:01:28]} f6 {[%clk 0:01:32]} 24. Re3
{[%clk 0:00:55]} Rae8 {[%clk 0:01:34]} 25. Ref3 {[%clk 0:00:52]} Kh7
{[%clk 0:01:23]} 26. a4 {[%clk 0:00:41]} g6 {[%clk 0:01:19]} 27. b5
{[%clk 0:00:31]} b6 {[%clk 0:01:19]} 28. Kg1 {[%clk 0:00:25]} Kg7
{[%clk 0:01:23]} 29. Kh1 {[%clk 0:00:26]} f5 {[%clk 0:01:25]} 30. Kg1
{[%clk 0:00:21]} Rf8 {[%clk 0:01:12]} 31. g4 {[%clk 0:00:07]} f4 {[%clk 0:01:07]}
32. Kg2 {[%clk 0:00:06]} Rfe8 {[%clk 0:01:02]} 33. Kg1 {[%clk 0:00:10]} Bf6
{[%clk 0:01:02]} 34. Kg2 {[%clk 0:00:10]} Re3 {[%clk 0:01:05]} 0-1

[Event "MCR mladeze v rapidu 2019"]
[Site "Trest"]
[Date "2019.09.08"]
[Round "7"]
[White "Sehnoutkova, Laura"]
[Black "Havelkova, Beata"]
[Result "0-1"]
[BlackElo "1541"]
[WhiteElo "1462"]
[LiveChessVersion "1.4.8"]

1. e4 {[%clk 0:20:08]} c5 {[%clk 0:20:09]} 2. Nf3 {[%clk 0:20:11]} d6
{[%clk 0:20:13]} 3. d4 {[%clk 0:20:12]} cxd4 {[%clk 0:20:16]} 4. Nxd4
{[%clk 0:20:14]} Nf6 {[%clk 0:20:20]} 5. Nc3 {[%clk 0:20:16]} g6 {[%clk 0:20:23]}
6. Bb5+ {[%clk 0:19:46]} Bd7 {[%clk 0:20:09]} 7. Bxd7+ {[%clk 0:19:36]} Nbxd7
{[%clk 0:20:04]} 8. O-O {[%clk 0:19:23]} Bg7 {[%clk 0:20:07]} 9. Re1
{[%clk 0:18:50]} O-O {[%clk 0:20:04]} 10. Be3 {[%clk 0:18:14]} Ne5
{[%clk 0:19:06]} 11. Nf3 {[%clk 0:16:19]} Nc4 {[%clk 0:16:52]} 12. Rb1
{[%clk 0:15:39]} Nxe3 {[%clk 0:16:49]} 13. Rxe3 {[%clk 0:15:41]} Rc8
{[%clk 0:15:37]} 14. Qe1 {[%clk 0:14:45]} Qc7 {[%clk 0:14:45]} 15. Rc1
{[%clk 0:11:49]} Bh6 {[%clk 0:14:34]} 16. Nd5 {[%clk 0:08:23]} Nxd5
{[%clk 0:14:16]} 17. exd5 {[%clk 0:08:22]} Bxe3 {[%clk 0:14:17]} 18. Qxe3
{[%clk 0:08:24]} Rfe8 {[%clk 0:13:55]} 19. c3 {[%clk 0:07:44]} a6
{[%clk 0:13:37]} 20. Qh6 {[%clk 0:06:51]} f6 {[%clk 0:12:46]} 21. Qe3
{[%clk 0:05:56]} Qc4 {[%clk 0:12:19]} 22. Qe6+ {[%clk 0:05:16]} Kg7
{[%clk 0:11:55]} 23. a3 {[%clk 0:04:58]} Qa2 {[%clk 0:11:12]} 24. Qe2
{[%clk 0:04:45]} e6 {[%clk 0:10:48]} 25. dxe6 {[%clk 0:04:21]} Rxe6
{[%clk 0:10:47]} 26. Qd2 {[%clk 0:03:58]} Qc4 {[%clk 0:09:53]} 27. h3
{[%clk 0:03:09]} d5 {[%clk 0:09:26]} 28. Nd4 {[%clk 0:02:53]} Re4
{[%clk 0:09:03]} 29. Re1 {[%clk 0:01:51]} Rce8 {[%clk 0:08:25]} 30. Rxe4
{[%clk 0:01:45]} dxe4 {[%clk 0:08:14]} 31. Qe2 {[%clk 0:01:45]} Qxe2
{[%clk 0:07:57]} 32. Nxe2 {[%clk 0:01:47]} f5 {[%clk 0:07:55]} 33. Kf1
{[%clk 0:01:47]} Kf6 {[%clk 0:07:59]} 34. Ke1 {[%clk 0:01:50]} Ke5
{[%clk 0:07:58]} 35. g3 {[%clk 0:01:51]} g5 {[%clk 0:07:55]} 36. Kd2
{[%clk 0:01:29]} f4 {[%clk 0:07:42]} 37. gxf4+ {[%clk 0:01:23]} gxf4
{[%clk 0:07:41]} 38. b4 {[%clk 0:01:15]} Rd8+ {[%clk 0:07:07]} 39. Nd4
{[%clk 0:00:56]} h5 {[%clk 0:06:22]} 40. Ke2 {[%clk 0:00:31]} Rxd4
{[%clk 0:06:14]} 41. cxd4+ {[%clk 0:00:32]} Kxd4 {[%clk 0:06:17]} 42. f3
{[%clk 0:00:34]} e3 {[%clk 0:06:16]} 43. h4 {[%clk 0:00:37]} Kc3 {[%clk 0:06:16]}
44. Ke1 {[%clk 0:00:32]} Kd3 {[%clk 0:06:10]} 45. Kd1 {[%clk 0:00:35]} e2+
{[%clk 0:06:10]} 46. Ke1 {[%clk 0:00:37]} b5 {[%clk 0:06:10]} 0-1

[Event "MCR mladeze v rapidu 2019"]
[Site "Trest"]
[Date "2019.09.08"]
[Round "7"]
[White "Spacilova, Klara"]
[Black "Vavrinkova, Marie"]
[Result "1/2-1/2"]
[BlackElo "1319"]
[WhiteElo "1332"]
[LiveChessVersion "1.4.8"]

1. e4 {[%clk 0:20:07]} e5 {[%clk 0:20:07]} 2. Nf3 {[%clk 0:20:10]} Nf6
{[%clk 0:20:08]} 3. Nxe5 {[%clk 0:20:12]} d6 {[%clk 0:20:06]} 4. Nf3
{[%clk 0:20:13]} Nxe4 {[%clk 0:20:05]} 5. Nc3 {[%clk 0:19:58]} Nxc3
{[%clk 0:19:52]} 6. bxc3 {[%clk 0:19:47]} Be7 {[%clk 0:19:30]} 7. d4
{[%clk 0:19:44]} O-O {[%clk 0:19:26]} 8. Bd3 {[%clk 0:19:45]} Bg4
{[%clk 0:19:01]} 9. O-O {[%clk 0:19:42]} c6 {[%clk 0:18:59]} 10. Be2
{[%clk 0:19:29]} Nd7 {[%clk 0:18:33]} 11. Rb1 {[%clk 0:17:23]} b5
{[%clk 0:18:03]} 12. d5 {[%clk 0:16:21]} c5 {[%clk 0:15:52]} 13. Rxb5
{[%clk 0:14:09]} a6 {[%clk 0:15:25]} 14. Rb2 {[%clk 0:13:20]} Bf6
{[%clk 0:14:40]} 15. Bd2 {[%clk 0:12:36]} Qa5 {[%clk 0:14:08]} 16. c4
{[%clk 0:11:07]} Qa4 {[%clk 0:13:06]} 17. c3 {[%clk 0:11:01]} Qa3
{[%clk 0:12:27]} 18. Qb3 {[%clk 0:10:57]} Qa5 {[%clk 0:10:54]} 19. h3
{[%clk 0:09:28]} Rab8 {[%clk 0:10:37]} 20. Qc2 {[%clk 0:09:29]} Rxb2
{[%clk 0:09:50]} 21. Qxb2 {[%clk 0:09:31]} Bxf3 {[%clk 0:09:52]} 22. Bxf3
{[%clk 0:09:33]} Ne5 {[%clk 0:09:53]} 23. Be2 {[%clk 0:09:24]} Qa4
{[%clk 0:09:01]} 24. Qb3 {[%clk 0:09:18]} Qxb3 {[%clk 0:08:43]} 25. axb3
{[%clk 0:09:21]} Rb8 {[%clk 0:08:47]} 26. b4 {[%clk 0:09:15]} Re8
{[%clk 0:08:02]} 27. Be3 {[%clk 0:08:32]} cxb4 {[%clk 0:07:51]} 28. cxb4
{[%clk 0:08:32]} Rb8 {[%clk 0:07:55]} 29. Rb1 {[%clk 0:08:33]} Nd7
{[%clk 0:07:42]} 30. Bd3 {[%clk 0:08:14]} Bc3 {[%clk 0:07:42]} 31. b5
{[%clk 0:07:47]} axb5 {[%clk 0:07:25]} 32. Rxb5 {[%clk 0:07:48]} Ra8
{[%clk 0:07:18]} 33. c5 {[%clk 0:07:25]} dxc5 {[%clk 0:07:02]} 34. Bxc5
{[%clk 0:07:28]} Ra1+ {[%clk 0:06:48]} 35. Kh2 {[%clk 0:07:31]} Rd1
{[%clk 0:06:47]} 36. Bf5 {[%clk 0:07:29]} Be5+ {[%clk 0:06:16]} 37. g3
{[%clk 0:07:26]} Rxd5 {[%clk 0:05:56]} 38. Bxd7 {[%clk 0:07:21]} Rxd7
{[%clk 0:05:59]} 39. f4 {[%clk 0:07:13]} Bc7 {[%clk 0:05:42]} 40. Rb7
{[%clk 0:07:11]} Rd2+ {[%clk 0:05:24]} 41. Kg1 {[%clk 0:07:12]} Rd1+
{[%clk 0:05:12]} 42. Kf2 {[%clk 0:07:15]} Rd7 {[%clk 0:05:07]} 43. Bb6
{[%clk 0:07:15]} Bxb6+ {[%clk 0:05:11]} 44. Rxb6 {[%clk 0:07:16]} g6
{[%clk 0:05:13]} 1/2-1/2

[Event "MCR mladeze v rapidu 2019"]
[Site "Trest"]
[Date "2019.09.08"]
[Round "7"]
[White "Zelba, Lukas"]
[Black "Garabik, Marek"]
[Result "1/2-1/2"]
[BlackElo "1413"]
[WhiteElo "1656"]
[LiveChessVersion "1.4.8"]

1. d4 {[%clk 0:20:12]} d5 {[%clk 0:20:01]} 2. Bf4 {[%clk 0:20:16]} e6
{[%clk 0:20:04]} 3. e3 {[%clk 0:20:19]} Bd6 {[%clk 0:20:08]} 4. Bg3
{[%clk 0:20:22]} c5 {[%clk 0:20:10]} 5. c3 {[%clk 0:20:23]} Nc6 {[%clk 0:20:14]}
6. Nd2 {[%clk 0:20:27]} Nge7 {[%clk 0:20:14]} 7. Bd3 {[%clk 0:20:10]} c4
{[%clk 0:20:17]} 8. Bc2 {[%clk 0:20:01]} f5 {[%clk 0:20:18]} 9. Ngf3
{[%clk 0:19:56]} O-O {[%clk 0:20:18]} 10. Ne5 {[%clk 0:19:48]} Nxe5
{[%clk 0:20:17]} 11. dxe5 {[%clk 0:19:52]} Bc7 {[%clk 0:20:02]} 12. Nf3
{[%clk 0:19:49]} b5 {[%clk 0:19:57]} 13. Nd4 {[%clk 0:19:18]} Bd7
{[%clk 0:19:25]} 14. O-O {[%clk 0:18:55]} Bb6 {[%clk 0:19:17]} 15. a4
{[%clk 0:18:50]} Bxd4 {[%clk 0:19:10]} 16. exd4 {[%clk 0:18:48]} a6
{[%clk 0:19:03]} 17. Bh4 {[%clk 0:18:27]} Qe8 {[%clk 0:18:56]} 18. f4
{[%clk 0:18:02]} Ng6 {[%clk 0:18:53]} 19. Be1 {[%clk 0:18:02]} Qe7
{[%clk 0:18:38]} 20. Rf3 {[%clk 0:17:43]} Qf7 {[%clk 0:15:52]} 21. Bd2
{[%clk 0:17:24]} Ne7 {[%clk 0:13:26]} 22. Rh3 {[%clk 0:16:46]} Rfb8
{[%clk 0:11:09]} 23. Qe1 {[%clk 0:15:42]} Ng6 {[%clk 0:11:00]} 24. Qe2
{[%clk 0:14:30]} Ne7 {[%clk 0:09:58]} 25. Kh1 {[%clk 0:12:01]} bxa4
{[%clk 0:08:46]} 26. Bc1 {[%clk 0:11:37]} Rb7 {[%clk 0:07:22]} 27. Bxa4 Bxa4
{[%clk 0:07:23]} 28. Rxa4 {[%clk 0:11:22]} Nc6 {[%clk 0:06:31]} 29. Qc2
{[%clk 0:10:31]} Rb5 {[%clk 0:05:57]} 30. Rf3 {[%clk 0:08:43]} Qd7
{[%clk 0:05:37]} 31. Qb1 {[%clk 0:07:56]} Ra5 {[%clk 0:05:28]} 32. Qa1
{[%clk 0:06:27]} Rxa4 {[%clk 0:05:29]} 33. Qxa4 {[%clk 0:06:29]} Nxe5
{[%clk 0:05:25]} 34. Qxd7 {[%clk 0:06:21]} Nxd7 {[%clk 0:05:29]} 35. Kg1
{[%clk 0:05:58]} Kf7 {[%clk 0:05:32]} 36. Kf2 {[%clk 0:06:01]} Kf6
{[%clk 0:05:35]} 37. h3 {[%clk 0:05:54]} Re8 {[%clk 0:05:28]} 38. Ke2
{[%clk 0:05:22]} Nb6 {[%clk 0:05:30]} 39. Kd1 {[%clk 0:04:59]} Ke7
{[%clk 0:05:14]} 40. Kc2 {[%clk 0:04:25]} Kd6 {[%clk 0:05:00]} 41. b3
{[%clk 0:04:21]} Rb8 {[%clk 0:04:57]} 42. Ba3+ {[%clk 0:04:15]} Kd7
{[%clk 0:04:51]} 43. b4 {[%clk 0:03:48]} Kc6 {[%clk 0:04:46]} 44. Rf1
{[%clk 0:03:37]} Kb5 {[%clk 0:04:25]} 45. Ra1 {[%clk 0:03:25]} Na4
{[%clk 0:03:36]} 46. Re1 {[%clk 0:03:04]} Re8 {[%clk 0:03:29]} 47. Bc1
{[%clk 0:02:36]} Re7 {[%clk 0:03:11]} 48. g4 {[%clk 0:02:31]} g6 {[%clk 0:02:47]}
49. g5 {[%clk 0:02:27]} Re8 {[%clk 0:02:41]} 50. Ba3 {[%clk 0:02:03]} Nb6
{[%clk 0:02:31]} 51. h4 {[%clk 0:01:57]} Na4 {[%clk 0:02:26]} 52. h5
{[%clk 0:01:46]} gxh5 {[%clk 0:01:53]} 53. Rh1 {[%clk 0:01:46]} Re7
{[%clk 0:01:58]} 54. Rxh5 {[%clk 0:01:49]} Nb6 {[%clk 0:02:00]} 55. Rh6
{[%clk 0:01:39]} Nd7 {[%clk 0:02:03]} 56. Kb2 {[%clk 0:01:31]} Nf8
{[%clk 0:02:03]} 57. Kc2 {[%clk 0:01:24]} Ng6 {[%clk 0:02:01]} 58. Bc1
{[%clk 0:01:26]} a5 {[%clk 0:01:44]} 59. bxa5 {[%clk 0:01:18]} Kxa5 60. Rh1
{[%clk 0:01:17]} Kb5 {[%clk 0:01:22]} 61. Bd2 {[%clk 0:01:09]} Rb7
{[%clk 0:01:10]} 62. Re1 {[%clk 0:00:56]} Rb6 {[%clk 0:01:06]} 63. Rh1
{[%clk 0:00:59]} Rb7 {[%clk 0:01:10]} 64. Re1 {[%clk 0:01:01]} Rb6
{[%clk 0:00:59]} 65. Rh1 1/2-1/2

[Event "MCR mladeze v rapidu 2019"]
[Site "Trest"]
[Date "2019.09.08"]
[Round "7"]
[White "Delgerdalai, Bayarjavkhlan"]
[Black "Juhanak, Daniel"]
[Result "1-0"]
[BlackElo "1635"]
[WhiteElo "1491"]
[LiveChessVersion "1.4.8"]

1. e4 {[%clk 0:20:07]} c5 {[%clk 0:20:07]} 2. Nf3 {[%clk 0:20:09]} e6
{[%clk 0:20:05]} 3. Nc3 {[%clk 0:20:01]} Nc6 {[%clk 0:19:46]} 4. d4
{[%clk 0:19:42]} cxd4 {[%clk 0:19:47]} 5. Nxd4 {[%clk 0:19:43]} Nf6
{[%clk 0:19:38]} 6. a3 {[%clk 0:19:18]} d5 {[%clk 0:18:22]} 7. exd5
{[%clk 0:18:24]} exd5 {[%clk 0:18:00]} 8. Bf4 {[%clk 0:16:52]} a6
{[%clk 0:16:48]} 9. Be2 {[%clk 0:15:41]} Bc5 {[%clk 0:14:49]} 10. Nxc6
{[%clk 0:14:29]} bxc6 {[%clk 0:14:50]} 11. O-O {[%clk 0:13:27]} O-O
{[%clk 0:14:22]} 12. Bf3 {[%clk 0:12:46]} Bb7 {[%clk 0:12:19]} 13. Qd2
{[%clk 0:12:16]} Bb6 {[%clk 0:08:34]} 14. Rad1 {[%clk 0:11:23]} Re8
{[%clk 0:07:48]} 15. Rfe1 {[%clk 0:10:44]} Qd7 {[%clk 0:05:04]} 16. Re2
{[%clk 0:09:15]} Rxe2 {[%clk 0:04:34]} 17. Nxe2 {[%clk 0:08:42]} c5
{[%clk 0:04:01]} 18. c4 {[%clk 0:07:39]} d4 {[%clk 0:00:56]} 19. Bxb7
{[%clk 0:07:27]} Qxb7 {[%clk 0:01:00]} 20. Ng3 {[%clk 0:06:58]} Ne4
{[%clk 0:00:31]} 21. Nxe4 {[%clk 0:06:44]} Qxe4 {[%clk 0:00:33]} 22. Re1
{[%clk 0:06:34]} Qb7 {[%clk 0:00:23]} 23. Qe2 {[%clk 0:06:16]} h6
{[%clk 0:00:16]} 24. Qg4 {[%clk 0:05:36]} Kh8 {[%clk 0:00:09]} 25. Be5
{[%clk 0:04:52]} Rg8 {[%clk 0:00:06]} 26. Qh4 {[%clk 0:04:14]} Bd8
{[%clk 0:00:07]} 27. Qxh6# 1-0

[Event "MCR mladeze v rapidu 2019"]
[Site "Trest"]
[Date "2019.09.08"]
[Round "7"]
[White "Gorej, Vojtech"]
[Black "Veverka, Vladimir"]
[Result "1/2-1/2"]
[BlackElo "1590"]
[WhiteElo "1567"]
[LiveChessVersion "1.4.8"]

1. e4 Nf6 2. Nc3 d5 3. exd5 Nxd5 4. Bc4 e6 5. Qf3 Nxc3 6. dxc3 Qf6 7. Bd2 Nc6 8.
O-O-O Ne5 9. Qxf6 gxf6 10. Be2 Rg8 11. g3 Bd7 12. Nh3 Bc6 13. Rhg1 O-O-O 14. Bf4
Ng6 15. Rxd8+ Kxd8 16. Rd1+ Kc8 17. Be3 a6 18. Nf4 Bd6 19. Nxg6 hxg6 20. h4 Rh8
21. a3 Rh7 22. Bd3 Rh8 23. b4 Re8 24. c4 b5 25. c5 Be7 26. c4 bxc4 27. Bxc4 Bb5
28. Bxb5 axb5 29. Kc2 c6 30. Kc3 1/2-1/2